[Event "FIDE World Blitz 2014"]
[Site "Dubai UAE"]
[Date "2014.06.20"]
[Round "14.26"]
[White "Karjakin, Sergey"]
[Black "Adly, Ahmed"]
[Result "1/2-1/2"]
[WhiteTitle "GM"]
[BlackTitle "GM"]
[WhiteElo "2771"]
[BlackElo "2594"]
[WhiteFideId "14109603"]
[BlackFideId "10601619"]
[EventDate "2014.06.19"]

1. e4 c5 2. Nf3 d6 3. Bb5+ Bd7 4. Bxd7+ Qxd7 5. O-O Nc6 6. c4 g6 7. d4 cxd4 8.
Nxd4 Bg7 9. Be3 Nf6 10. f3 Rc8 11. b3 b5 12. cxb5 Nxd4 13. Bxd4 Qxb5 14. Nc3 Qb7
15. Nd5 Nxd5 16. Bxg7 Ne3 17. Qd3 Rg8 18. Qxe3 Rxg7 19. Rac1 Rxc1 20. Rxc1 Rg8
21. Qh6 Kd7 22. Qxh7 Qb6+ 23. Kf1 Qe3 24. Re1 Qd3+ 25. Kg1 Qd4+ 26. Kh1 Rc8 27.
h3 Qd2 28. Rg1 Qf4 29. Qg7 e5 30. Qh7 Ke7 31. b4 Rc1 32. b5 Rxg1+ 33. Kxg1 Qc1+
34. Kh2 Qf4+ 35. Kh1 Qc1+ 36. Kh2 Qf4+ 37. Kh1 Qc1+ 38. Kh2 Qf4+ 39. Kh1 1/2-1/2

[Event "FIDE World Blitz 2014"]
[Site "Dubai UAE"]
[Date "2014.06.20"]
[Round "14.28"]
[White "Fier, Alexandr"]
[Black "Yu, Yangyi"]
[Result "0-1"]
[WhiteTitle "GM"]
[BlackTitle "GM"]
[WhiteElo "2580"]
[BlackElo "2675"]
[WhiteFideId "2107139"]
[BlackFideId "8603820"]
[EventDate "2014.06.19"]

1. c4 e6 2. Nc3 d5 3. d4 Bb4 4. cxd5 exd5 5. Nf3 Nf6 6. Bg5 Qd6 7. Bxf6 Qxf6 8.
e3 O-O 9. Be2 c6 10. O-O Nd7 11. a3 Bd6 12. b4 Qe7 13. b5 Nf6 14. bxc6 bxc6 15.
a4 a5 16. Nd2 Bf5 17. Nb3 Rfb8 18. Nc1 Bb4 19. N3a2 Ne4 20. Nd3 Bd6 21. Qc1 Rb6
22. Nc3 Rab8 23. Nxe4 Bxe4 24. Nc5 Bxc5 25. Qxc5 Qxc5 26. dxc5 Rb2 27. Bf3 Bxf3
28. gxf3 f5 29. e4 fxe4 30. fxe4 dxe4 31. Rad1 Rc2 32. Rd4 Re8 33. Re1 Rxc5 34.
Rdxe4 Rxe4 35. Rxe4 Kf7 36. Kg2 Kf6 37. Kg3 Re5 38. Rd4 Rd5 39. Rf4+ Ke6 40. Rf8
Rd4 41. Rc8 Rc4 42. Rc7 Kf6 43. f3 h5 44. h4 g6 45. Ra7 Rc5 46. Rd7 g5 47. hxg5+
Kxg5 48. Rd6 h4+ 49. Kg2 Rc2+ 50. Kh3 Rc3 51. Kg2 Rc4 52. Re6 c5 53. Rc6 Rc2+
54. Kh3 Rc3 55. Kg2 Kf4 56. Rf6+ Ke3 57. Re6+ Kf4 58. Rf6+ Ke3 59. Re6+ Kd2 60.
Ra6 c4 61. Rxa5 Rd3 62. Rh5 c3 63. Rxh4 c2 64. Rh1 c1=Q 65. Rxc1 Kxc1 66. Kg3
Rd4 67. f4 Kd2 68. Kf3 Rxa4 69. f5 Kd3 0-1

[Event "FIDE World Blitz 2014"]
[Site "Dubai UAE"]
[Date "2014.06.20"]
[Round "14.29"]
[White "Dubov, Daniil"]
[Black "Sandipan, Chanda"]
[Result "1/2-1/2"]
[WhiteTitle "GM"]
[BlackTitle "GM"]
[WhiteElo "2614"]
[BlackElo "2594"]
[WhiteFideId "24126055"]
[BlackFideId "5004225"]
[EventDate "2014.06.19"]

1. Nf3 d5 2. g3 Nf6 3. Bg2 Bg4 4. O-O Nbd7 5. d3 e6 6. h3 Bxf3 7. Bxf3 Be7 8.
Bg2 O-O 9. e4 c6 10. Qe2 a5 11. e5 Ne8 12. f4 Nc7 13. Nd2 f5 14. exf6 Bxf6 15.
Nf3 Qe7 16. g4 g6 17. d4 Nb5 18. c3 Nd6 19. Be3 Rae8 20. Ne5 Bg7 21. Nxd7 Qxd7
22. Rae1 Bf6 23. Bc1 Bh4 24. Rd1 Bf6 25. Qd3 Qc7 26. Rde1 b5 27. Re2 Re7 28.
Rfe1 Rfe8 29. Qg3 c5 30. dxc5 Qxc5+ 31. Kh1 b4 32. Be3 Qc4 33. b3 Qxc3 34. Rc1
Qd3 35. Rd2 Ne4 36. Rxd3 Nxg3+ 37. Kh2 Ne2 38. Rc6 Nc3 39. Bb6 Ra8 40. f5 gxf5
41. gxf5 Be5+ 42. Kh1 exf5 43. Bc5 Rd7 44. Re6 Bg7 45. Bf3 Kh8 46. Bb6 Nxa2 47.
Rxd5 Rxd5 48. Bxd5 Rc8 49. Bxa5 h6 50. Bc4 Ra8 51. Bb6 Nc3 52. Kg2 Ne4 53. Be3
Ra2+ 54. Kf3 Ng5+ 55. Bxg5 hxg5 56. Bd3 Rb2 57. Bxf5 Rxb3+ 58. Kg4 Kg8 59. Kxg5
Kf7 60. Rb6 Rg3+ 61. Kf4 Rg1 62. Rxb4 Bh6+ 63. Kf3 Rf1+ 64. Kg4 Rg1+ 65. Kh4 Bf8
66. Rf4 Be7+ 67. Kh5 Kg7 68. Bg4 Re1 69. Bf5 Rg1 70. Bg4 Re1 71. Rf5 Bf6 1/2-1/2

[Event "FIDE World Blitz 2014"]
[Site "Dubai UAE"]
[Date "2014.06.20"]
[Round "14.30"]
[White "Najer, Evgeniy"]
[Black "Moradiabadi, Elshan"]
[Result "1-0"]
[WhiteTitle "GM"]
[BlackTitle "GM"]
[WhiteElo "2653"]
[BlackElo "2586"]
[WhiteFideId "4118987"]
[BlackFideId "12501255"]
[EventDate "2014.06.19"]

1. e4 e6 2. d4 d5 3. Nc3 Nf6 4. e5 Nfd7 5. f4 c5 6. Nf3 a6 7. Be3 b5 8. Ne2 b4
9. g4 cxd4 10. Nexd4 Qc7 11. Bd3 Bb7 12. f5 Nc5 13. fxe6 fxe6 14. O-O Be7 15.
Bg5 Nc6 16. Nxc6 Bxc6 17. Bxe7 Qxe7 18. Nd4 Ba4 19. Qd2 Rc8 20. Qxb4 Qg5 21.
Nxe6 Nxe6 22. Qxa4+ Kd8 23. Qa5+ Ke7 24. Qxd5 Qxg4+ 25. Kh1 Rhd8 26. Qb7+ Rc7
27. Qg2 Qd4 28. Bxh7 Qxb2 29. Bg6 Nf4 30. Qg5+ Ke6 31. Qf5+ Ke7 32. Qf7# 1-0

[Event "FIDE World Blitz 2014"]
[Site "Dubai UAE"]
[Date "2014.06.20"]
[Round "14.31"]
[White "Savchenko, Boris"]
[Black "Ghaem Maghami, Ehsan"]
[Result "1/2-1/2"]
[WhiteTitle "GM"]
[BlackTitle "GM"]
[WhiteElo "2581"]
[BlackElo "2582"]
[WhiteFideId "4147332"]
[BlackFideId "12500739"]
[EventDate "2014.06.19"]

1. e4 c5 2. Nf3 e6 3. c3 Nf6 4. e5 Nd5 5. d4 cxd4 6. cxd4 d6 7. Bc4 Nb6 8. Bd3
dxe5 9. dxe5 Na6 10. O-O Nc5 11. Bb5+ Bd7 12. Qe2 Bxb5 13. Qxb5+ Qd7 14. Nc3 Rc8
15. a4 Qxb5 16. axb5 Ra8 17. Be3 Be7 18. Bxc5 Bxc5 19. Ne4 Be7 20. Rfc1 Nd5 21.
Nc3 Nb6 22. Na4 Nxa4 23. Rxa4 Bd8 24. Nd2 O-O 25. Nc4 Be7 26. Kf1 Rfc8 27. Rd1
Rd8 28. Rxd8+ Bxd8 29. Nd6 b6 30. Rc4 Kf8 31. Ke2 a6 32. Ra4 a5 33. Rc4 Ke7 34.
Kd3 f5 35. h4 Kd7 36. Rd4 Ke7 37. h5 Bc7 38. Nc4 Rd8 39. f4 Rxd4+ 40. Kxd4 Kd7
41. b3 Ke7 42. Ke3 g6 43. h6 Kd7 44. Kf3 Ke8 45. g4 Kd7 46. Nb2 Bd8 47. Nc4 Bc7
48. Kg3 Ke8 49. Nd2 Kd7 50. Nf3 Bd8 51. Nd4 Be7 52. Nf3 Bd8 53. g5 Ke8 54. Kf2
Be7 55. Ke2 Bc5 56. Ne1 Ke7 57. Nd3 Bd4 58. Nc1 Bc5 59. Kd3 Ba3 60. Ne2 Bc5 61.
Nc3 Bf2 62. Na4 Kd7 63. Nb2 Bc5 64. Nc4 Ke7 65. Ke2 Kd7 66. Nd2 Ke7 67. Nf3 Kd7
68. Nh4 Bf8 69. Kd3 Ke8 70. Kc4 Kf7 71. Kd3 Bc5 72. Nf3 Ke8 73. Nd2 Kd7 74. Nc4
Ke7 75. Nb2 Kd7 76. Na4 Bg1 77. Nb2 1/2-1/2

[Event "FIDE World Blitz 2014"]
[Site "Dubai UAE"]
[Date "2014.06.20"]
[Round "14.33"]
[White "Vahidov, Tair"]
[Black "Kasimdzhanov, Rustam"]
[Result "0-1"]
[WhiteTitle "GM"]
[BlackTitle "GM"]
[WhiteElo "2446"]
[BlackElo "2700"]
[WhiteFideId "14200155"]
[BlackFideId "14200244"]
[EventDate "2014.06.19"]

1. d4 g6 2. c4 Bg7 3. Nf3 Nf6 4. Nc3 O-O 5. g3 e6 6. Bg2 d5 7. cxd5 exd5 8. O-O
c6 9. Bf4 Re8 10. a3 Nbd7 11. Ne5 Nxe5 12. Bxe5 Bf5 13. h3 Qd7 14. Kh2 h5 15. f3
Rad8 16. Re1 Nh7 17. Bxg7 Kxg7 18. e4 dxe4 19. fxe4 Be6 20. d5 cxd5 21. exd5 Bf5
22. Qd4+ f6 23. Qxa7 Ng5 24. h4 Nf7 25. d6 Ne5 26. Qxb7 Qxb7 27. Bxb7 Rb8 28.
Bg2 Rxb2 29. Kg1 Rb3 30. Re3 Rd8 31. Nd5 Rb2 32. Rae1 Rxd6 33. Nxf6 Rdd2 34. Bh1
Nd3 35. Ne8+ Kh6 36. Rf1 Nf2 37. Bg2 Ng4 0-1

[Event "FIDE World Blitz 2014"]
[Site "Dubai UAE"]
[Date "2014.06.20"]
[Round "14.34"]
[White "Michalik, Peter"]
[Black "Nielsen, Peter Heine"]
[Result "0-1"]
[WhiteTitle "GM"]
[BlackTitle "GM"]
[WhiteElo "2557"]
[BlackElo "2654"]
[WhiteFideId "14907526"]
[BlackFideId "1400355"]
[EventDate "2014.06.19"]

1. d4 Nf6 2. c4 c5 3. d5 b5 4. cxb5 a6 5. bxa6 g6 6. Nc3 Bg7 7. Nf3 O-O 8. e4
Qa5 9. Bd2 Bxa6 10. Bxa6 Qxa6 11. Qe2 e6 12. dxe6 fxe6 13. a4 Qxe2+ 14. Kxe2 d5
15. exd5 exd5 16. Rhe1 Nc6 17. Kf1 Nb4 18. Re7 d4 19. Ne4 Nxe4 20. Rxe4 Rfb8 21.
Ne1 Nd5 22. Rc1 Rxb2 23. Rxc5 Nc3 24. Bxc3 dxc3 25. h4 Rd8 26. a5 Bd4 27. Rxd4
Rxd4 28. Rxc3 Rxh4 29. Kg1 Rb1 30. Re3 Ra4 31. g3 Rxa5 32. Kg2 Rf5 33. Nf3 Rb8
34. Re2 Rbf8 35. Nh2 Kg7 36. Ra2 R5f7 37. Nf1 Re8 38. Ne3 Ree7 39. Nd5 Ra7 40.
Rb2 Rfb7 41. Rc2 Rd7 42. Nf4 Ra6 43. Re2 Rda7 44. Ne6+ Kf6 45. Nf4 Ra2 46. Re6+
Kf7 47. Re3 Re7 48. Rf3 Kg7 49. Rb3 g5 50. Nh5+ Kg6 51. g4 Ra6 52. Kg3 Rae6 53.
Rb8 Rf7 54. Rg8+ Kh6 55. Rd8 Rc6 56. Rd3 Rfc7 57. f3 Rf7 58. Re3 Kg6 59. Rd3 h6
60. Re3 Rfc7 61. Rd3 Kf7 62. Kg2 Rc1 63. Rd6 R7c2+ 64. Kg3 Rc6 65. Rd7+ Ke6 66.
Rd3 R6c3 67. Rd8 Rf1 68. Rf8 Ke7 69. Rf5 Rc2 70. Re5+ Kd6 71. Re3 Rff2 72. f4
Rg2+ 73. Kh3 Rh2+ 74. Kg3 Rcg2+ 75. Kf3 Rh3+ 76. Kxg2 Rxe3 77. Kf2 Ra3 78. f5
Ke5 79. Kg2 Ra1 80. Kf3 Rh1 81. Ng3 Ra1 82. Nh5 Ra3+ 83. Kg2 Ke4 84. Kf2 Rh3 85.
f6 Ra3 86. f7 Rf3+ 87. Kg2 Rxf7 88. Kg3 Ke3 89. Kg2 Rf3 90. Ng7 Kf4 91. Nf5 Kxg4
92. Nxh6+ Kf4 93. Nf7 g4 0-1

[Event "FIDE World Blitz 2014"]
[Site "Dubai UAE"]
[Date "2014.06.20"]
[Round "14.36"]
[White "Anton Guijarro, David"]
[Black "Georgiev, Kiril"]
[Result "1-0"]
[WhiteTitle "GM"]
[BlackTitle "GM"]
[WhiteElo "2631"]
[BlackElo "2644"]
[WhiteFideId "2285525"]
[BlackFideId "2900017"]
[EventDate "2014.06.19"]

1. e4 e5 2. Nf3 Nf6 3. Nc3 Nc6 4. d3 Bb4 5. Bg5 h6 6. Bh4 g5 7. Bg3 d6 8. Be2
Be6 9. a3 Ba5 10. b4 Bb6 11. Na4 Ne7 12. h4 g4 13. Nd2 Nh5 14. Nxb6 axb6 15.
Bxg4 Nxg3 16. fxg3 Rg8 17. Bxe6 fxe6 18. Qh5+ Kd7 19. Rh3 Qf8 20. Qe2 Nc6 21. c3
Ra7 22. g4 b5 23. g5 hxg5 24. h5 g4 25. Rh1 Qh6 26. Kd1 Rg5 27. Qf2 Ra8 28. Kc2
Rf8 29. Qe3 Rh8 30. a4 bxa4 31. b5 Ne7 32. Qa7 b6 33. Rxa4 Rxh5 34. Rxh5 Qxh5
35. Nc4 Nc8 36. Qb7 Qh2 37. Qc6+ Ke7 38. Qxc7+ Kf6 39. Ne3 Qf4 40. Ra1 Kg6 41.
Rf1 Qxe3 42. Qf7+ Kg5 43. Qg7+ Kh4 44. Qxh8+ Kg3 45. Rh1 Qe2+ 46. Kb3 Qxg2 47.
Qh4+ Kf3 48. Qf6+ Ke2 49. Qh6 g3 50. Qc1 Kxd3 51. Re1 Qd2 52. Rd1 Qxd1+ 53.
Qxd1+ Ke3 54. Qf1 Ne7 55. Kc2 Ng6 56. Qg2 Kf4 57. Kd3 Nh4 58. Qh3 Nf3 59. Qh6+
Kg4 60. Ke3 Ng5 61. Qh1 d5 62. exd5 exd5 63. Qxd5 e4 64. Qd1+ Kh3 65. Qh1+ Kg4
66. c4 Nf3 67. Kxe4 Nh4 68. Ke3 Nf5+ 69. Ke2 Nd4+ 70. Kd3 Nf3 71. Ke3 Ng5 72.
Qg2 Nh3 73. c5 bxc5 74. b6 Nf4 75. Qf3+ Kh4 76. Qxf4+ 1-0

[Event "FIDE World Blitz 2014"]
[Site "Dubai UAE"]
[Date "2014.06.20"]
[Round "14.37"]
[White "Aleksandrov, Aleksej"]
[Black "Lenic, Luka"]
[Result "1-0"]
[WhiteTitle "GM"]
[BlackTitle "GM"]
[WhiteElo "2554"]
[BlackElo "2659"]
[WhiteFideId "13500139"]
[BlackFideId "14603853"]
[EventDate "2014.06.19"]

1. d4 Nf6 2. c4 e6 3. Nc3 Bb4 4. e3 O-O 5. Bd3 d5 6. cxd5 exd5 7. Ne2 Re8 8. O-O
Bf8 9. Qc2 h6 10. Bd2 c6 11. Rad1 Be6 12. Kh1 Nbd7 13. f3 c5 14. Qb1 a6 15. a3
Rc8 16. Be1 cxd4 17. Nxd4 Ne5 18. Bh4 Be7 19. Nf5 Bf8 20. Rfe1 Ng6 21. Bf2 Qc7
22. Ne2 Rcd8 23. Ned4 Bc8 24. Rc1 Qb6 25. h3 Ne5 26. Bf1 g6 27. Ng3 Bg7 28. b3
Bd7 29. a4 Rc8 30. Nge2 Qd6 31. Nf4 Nc6 32. Nfe2 Nb4 33. Bg3 Qe7 34. Nc3 Rc5 35.
Na2 Nxa2 36. Qxa2 Rec8 37. Rcd1 Nh5 38. Bf2 Be5 39. f4 Bg7 40. b4 Rc3 41. b5
axb5 42. Qxd5 Nf6 43. Qxb7 Ne4 44. Bg1 R3c7 45. Qa6 bxa4 46. Bd3 Be8 47. Kh2 h5
48. Nf3 Nc5 49. Qc4 Nxd3 50. Qxd3 Rc3 51. Qa6 Rc2 52. e4 h4 53. e5 Qc7 54. Nd4
Rb2 55. Rc1 Qxc1 56. Rxc1 Rxc1 57. Qa8 Rbb1 58. Qxe8+ Kh7 59. Nf3 a3 60. Qxf7
Rxg1 61. Nxg1 Rb2 62. Nf3 Kh6 63. Qg8 g5 64. fxg5+ 1-0

[Event "FIDE World Blitz 2014"]
[Site "Dubai UAE"]
[Date "2014.06.20"]
[Round "14.38"]
[White "Bartel, Mateusz"]
[Black "Jobava, Baadur"]
[Result "0-1"]
[WhiteTitle "GM"]
[BlackTitle "GM"]
[WhiteElo "2641"]
[BlackElo "2713"]
[WhiteFideId "1112635"]
[BlackFideId "13601520"]
[EventDate "2014.06.19"]

1. e4 e6 2. d3 d5 3. Nd2 Nc6 4. Ngf3 Nf6 5. c3 e5 6. Be2 a5 7. O-O Be7 8. b3 O-O
9. a3 Re8 10. Bb2 Nh5 11. Re1 Nf4 12. Qc2 dxe4 13. dxe4 Nxe2+ 14. Rxe2 Be6 15.
a4 Bc5 16. h3 Qf6 17. Rd1 Rad8 18. Bc1 h6 19. Kh2 Ne7 20. Nf1 Ng6 21. Rxd8 Rxd8
22. Be3 Bxe3 23. fxe3 Qe7 24. Rd2 Rxd2 25. N1xd2 Qd6 26. c4 b6 27. Nf1 Nf8 28.
Qd2 Qxd2 29. N1xd2 Nd7 30. Kg1 f6 31. Kf2 g5 32. Ke2 h5 33. Kd3 Kf7 34. Kc3 h4
35. b4 axb4+ 36. Kxb4 Ke7 37. a5 bxa5+ 38. Kxa5 Kd6 39. Kb4 Nc5 40. Ne1 Bd7 41.
Nc2 Bc6 42. Na3 Nxe4 43. Nb5+ Kd7 44. Nf3 Nf2 45. Nc3 Nxh3 46. Nd5 Bxd5 47. cxd5
Nf2 48. Kc4 e4 49. Nd4 g4 50. Nf5 h3 51. gxh3 gxh3 52. Kd4 h2 53. Ng3 h1=Q 54.
Nxh1 Nxh1 55. Kxe4 Kd6 56. Kd4 0-1

[Event "FIDE World Blitz 2014"]
[Site "Dubai UAE"]
[Date "2014.06.20"]
[Round "14.39"]
[White "Al-Modiahki, Mohamad"]
[Black "Ganguly, Surya Shekhar"]
[Result "1-0"]
[WhiteTitle "GM"]
[BlackTitle "GM"]
[WhiteElo "2549"]
[BlackElo "2619"]
[WhiteFideId "12100030"]
[BlackFideId "5002150"]
[EventDate "2014.06.19"]

1. e4 c5 2. Nc3 Nc6 3. f4 e6 4. Nf3 a6 5. g3 b5 6. Bg2 Bb7 7. O-O Be7 8. d3 d6
9. g4 Nd4 10. Be3 Qb6 11. Ne2 Nf6 12. h3 e5 13. c3 Nxf3+ 14. Bxf3 Rd8 15. g5 Nd7
16. f5 h6 17. gxh6 gxh6 18. Kh2 Nf6 19. Ng3 d5 20. Qe2 d4 21. cxd4 cxd4 22. Bd2
Kd7 23. Rac1 Rc8 24. Nh5 Rxc1 25. Rxc1 Rc8 26. Ng3 Rxc1 27. Bxc1 Ne8 28. Bh5 Qf6
29. Qd2 Bf8 30. Bg4 Qc6 31. Bd1 Nf6 32. Bb3 Ke8 33. Qc2 a5 34. Qxc6+ Bxc6 35.
Kg1 a4 36. Bd1 Nd7 37. Kf2 Nc5 38. Be2 b4 39. Bd2 b3 40. axb3 Nxb3 41. Ke1 Bb5
42. Kd1 Nxd2 43. Kxd2 Bb4+ 44. Kd1 f6 45. Nf1 Ke7 46. Nd2 Bxd2 47. Kxd2 Kd6 48.
Bd1 Kc5 49. Bc2 Kb4 50. Bd1 Be8 51. Bc2 Bh5 52. Ke1 Bf7 53. Kd2 Bg8 54. Bd1 Bf7
55. Kc1 Be8 56. Kd2 Bb5 57. Bc2 Ba6 58. Bd1 Bc8 59. Bc2 Bd7 60. Bd1 Be8 61. Kc1
Bf7 62. Kd2 Bb3 63. Bh5 Ba2 64. Be8 Bg8 65. Kc2 Ba2 66. Kd2 Bb1 67. Bc6 Kb3 68.
Bd7 Ba2 69. Kc1 a3 70. Be6+ Ka4 71. Bxa2 Kb4 72. Kc2 axb2 73. Kxb2 h5 74. h4 1-0

[Event "FIDE World Blitz 2014"]
[Site "Dubai UAE"]
[Date "2014.06.20"]
[Round "14.40"]
[White "Durarbayli, Vasif"]
[Black "Salem, A.R. Saleh"]
[Result "1/2-1/2"]
[WhiteTitle "GM"]
[BlackTitle "GM"]
[WhiteElo "2590"]
[BlackElo "2581"]
[WhiteFideId "13402935"]
[BlackFideId "9301348"]
[EventDate "2014.06.19"]

1. c4 e5 2. g3 Nf6 3. Bg2 d5 4. cxd5 Nxd5 5. Nc3 Nb6 6. Nf3 Nc6 7. d3 Be7 8. Be3
g5 9. d4 Nc4 10. Nxe5 N6xe5 11. dxe5 Qxd1+ 12. Rxd1 Nxe3 13. fxe3 c6 14. Ne4 Be6
15. b3 a5 16. Rd4 O-O 17. Nd6 a4 18. bxa4 c5 19. Rd2 Rxa4 20. Bxb7 Rb8 21. Kf2
Bxd6 22. Bc6 Ra6 23. Rxd6 Rxc6 24. Rxc6 Bd5 25. Rxc5 Bxh1 26. e6 f6 27. Rc7 Re8
28. e7 Kf7 29. a4 Rxe7 30. Rc4 Be4 31. a5 g4 32. a6 f5 33. Rb4 h5 34. Ke1 Rc7
35. Ra4 Ra7 36. Kd2 Ke6 37. Kc3 Kd6 38. Kb4 Kc6 39. Ka5 Bd5 40. Rb4 Re7 41. Rb6+
Kc5 42. Rb5+ Kc6 43. Rb6+ Kc5 44. Rb5+ Kd6 45. Kb6 Rxe3 46. a7 Ra3 47. Rb4 Ra2
48. Rb5 Bc6 49. Rxf5 Rb2+ 50. Ka6 Ra2+ 51. Kb6 Rb2+ 52. Ka6 Ra2+ 53. Kb6 Rb2+ 1/2-1/2

[Event "FIDE World Blitz 2014"]
[Site "Dubai UAE"]
[Date "2014.06.20"]
[Round "14.41"]
[White "Shyam, Sundar M."]
[Black "Efimenko, Zahar"]
[Result "0-1"]
[WhiteTitle "GM"]
[BlackTitle "GM"]
[WhiteElo "2468"]
[BlackElo "2648"]
[WhiteFideId "5019141"]
[BlackFideId "14107201"]
[EventDate "2014.06.19"]

1. e4 e5 2. Nf3 Nc6 3. Nc3 Bc5 4. Bc4 d6 5. h3 Nf6 6. d3 h6 7. a3 O-O 8. Na4 Bb6
9. Nxb6 axb6 10. O-O Be6 11. Bxe6 fxe6 12. Re1 Qd7 13. d4 exd4 14. Nxd4 Nxd4 15.
Qxd4 e5 16. Qc4+ Kh8 17. Be3 Ra4 18. b4 Rfa8 19. Bc1 b5 20. Qb3 Qc6 21. f3 Qc4
22. Bb2 Nh5 23. Rad1 Nf4 24. Qxc4 bxc4 25. Kf2 Rf8 26. Bc1 Ne6 27. Ke3 Nd4 28.
Kd2 Nb5 29. Re3 Rfa8 30. Rf1 Nxa3 31. Bxa3 Rxa3 32. Rxa3 Rxa3 33. Rb1 b5 34. Rd1
Kg8 35. h4 Kf7 36. h5 Ke6 37. Rb1 c6 38. Rh1 d5 39. Rh4 c3+ 40. Kd3 d4 41. Rg4
Kf7 42. Rg6 Ra1 43. Rxc6 Rd1+ 44. Ke2 Rd2+ 45. Ke1 Rxc2 46. Rc7+ Ke6 47. Rc6+
Ke7 48. Rc5 d3 49. Rxe5+ Kf7 50. Rf5+ Ke6 51. Rd5 Rc1+ 52. Kf2 d2 53. Ke2 Re1+ 0-1

[Event "FIDE World Blitz 2014"]
[Site "Dubai UAE"]
[Date "2014.06.20"]
[Round "14.42"]
[White "Mchedlishvili, Mikheil"]
[Black "Onischuk, Vladimir"]
[Result "0-1"]
[WhiteTitle "GM"]
[BlackTitle "GM"]
[WhiteElo "2632"]
[BlackElo "2594"]
[WhiteFideId "13600966"]
[BlackFideId "14114038"]
[EventDate "2014.06.19"]

1. d4 d6 2. Nf3 g6 3. c4 Bg7 4. g3 Nf6 5. Bg2 O-O 6. O-O Nc6 7. Nc3 e5 8. d5 Nb8
9. e4 a5 10. Ne1 Na6 11. Nd3 Nd7 12. Be3 f5 13. exf5 gxf5 14. f4 Nb6 15. Qb3 e4
16. Nf2 Nc5 17. Bxc5 dxc5 18. Ncd1 a4 19. Qc2 a3 20. Kh1 Bd4 21. g4 e3 22. Nd3
fxg4 23. Re1 axb2 24. Rb1 Rxa2 25. Nxe3 Qh4 26. Nf1 Ra1 27. Ng3 Qf6 28. Ne4 Qh6
29. Nxb2 Rxb1 30. Qxb1 Bf5 31. Qc1 Nd7 32. Nd3 b6 33. Qd1 Qg6 34. Nc1 Re8 35.
Ng3 Rxe1+ 36. Qxe1 Nf6 37. Qe7 Bd7 38. Nce2 Qe8 39. Qxe8+ Nxe8 40. Nxd4 cxd4 41.
Ne4 Bf5 42. Nd2 Nd6 43. Bf1 h5 44. Kg2 h4 45. Kf2 Kf7 46. Be2 Kf6 47. Bd1 Kg6
48. Be2 Kf6 49. Bd1 Nb7 50. Nb3 d3 51. Ke3 Nc5 52. Nd4 Bd7 53. Bb3 h3 54. Bd1
Kg6 55. Kf2 Kh5 56. f5 Kg5 57. Kg3 Ne4# 0-1

[Event "FIDE World Blitz 2014"]
[Site "Dubai UAE"]
[Date "2014.06.20"]
[Round "14.43"]
[White "Potkin, Vladimir"]
[Black "Salgado Lopez, Ivan"]
[Result "1-0"]
[WhiteTitle "GM"]
[BlackTitle "GM"]
[WhiteElo "2621"]
[BlackElo "2622"]
[WhiteFideId "4131061"]
[BlackFideId "2257327"]
[EventDate "2014.06.19"]

1. c4 c5 2. Nf3 Nf6 3. Nc3 d5 4. cxd5 Nxd5 5. e3 Nxc3 6. bxc3 Qc7 7. d4 g6 8.
Be2 Bg7 9. O-O O-O 10. e4 Rd8 11. Rb1 b6 12. Bg5 Bb7 13. Qd3 Nc6 14. d5 Ne5 15.
Nxe5 Qxe5 16. Bd2 f5 17. f3 e6 18. c4 Qd4+ 19. Be3 Qxd3 20. Bxd3 Ba6 21. Rfd1
exd5 22. exd5 Re8 23. Kf2 Bc3 24. a4 Rad8 25. Rb3 Ba5 26. Bd2 Bxd2 27. Rxd2 Rd6
28. a5 Rb8 29. Ra2 Bc8 30. h4 Bd7 31. axb6 axb6 32. Ra7 Be8 33. g4 fxg4 34. fxg4
Bf7 35. Rb2 Rf8 36. Kg3 Re8 37. Re2 Rxe2 38. Bxe2 b5 39. cxb5 Bxd5 40. Rc7 c4
41. Bxc4 Bxc4 42. Rxc4 Rd3+ 43. Kf4 Rb3 44. Rc5 Rb4+ 45. Kg5 Kg7 46. Rc7+ Kg8
47. Rb7 Rc4 48. b6 Rb4 49. h5 gxh5 50. gxh5 Rb1 51. Kf6 1-0

[Event "FIDE World Blitz 2014"]
[Site "Dubai UAE"]
[Date "2014.06.20"]
[Round "14.44"]
[White "Sriram, Jha"]
[Black "Kryvoruchko, Yuriy"]
[Result "0-1"]
[WhiteTitle "GM"]
[BlackTitle "GM"]
[WhiteElo "2375"]
[BlackElo "2707"]
[WhiteFideId "5001668"]
[BlackFideId "14109182"]
[EventDate "2014.06.19"]

1. d4 Nf6 2. c4 e6 3. Nf3 b6 4. g3 Bb7 5. Bg2 Bb4+ 6. Bd2 c5 7. O-O O-O 8. a3
Bxd2 9. Nbxd2 cxd4 10. Nxd4 Bxg2 11. Kxg2 Qc8 12. Rc1 a6 13. N2f3 Qb7 14. Qd3 d6
15. Nb3 Ne4 16. Kg1 Nd7 17. Rfd1 Rfd8 18. Qe3 Ndc5 19. Nbd4 Rac8 20. b4 Nd7 21.
Ng5 Nxg5 22. Qxg5 Ne5 23. Nb3 h6 24. Qf4 Rd7 25. Rd2 Rdc7 26. Rxd6 Nxc4 27. Rd3
Nxa3 28. Rcd1 Nb5 29. Nd4 Nc3 30. Re1 Nd5 31. Qd2 Rc4 32. Nf5 Rc2 33. Qd1 Rc1
34. Qxc1 Rxc1 35. Rxc1 exf5 36. Rc4 Kh7 37. Rcd4 Nf6 38. Rd6 a5 39. b5 a4 40.
Ra3 Qe4 41. e3 Qb4 42. Rdd3 Qxb5 43. Rd4 Ne4 44. Raxa4 Qe2 0-1

[Event "FIDE World Blitz 2014"]
[Site "Dubai UAE"]
[Date "2014.06.20"]
[Round "14.45"]
[White "Moiseenko, Alexander"]
[Black "Kayumov, Sergey"]
[Result "1-0"]
[WhiteTitle "GM"]
[BlackTitle "GM"]
[WhiteElo "2707"]
[BlackElo "2505"]
[WhiteFideId "14102560"]
[BlackFideId "14200880"]
[EventDate "2014.06.19"]

1. d4 d6 2. e4 Nf6 3. f3 c5 4. d5 e6 5. c4 exd5 6. cxd5 Be7 7. Nc3 O-O 8. Bd3 a6
9. a4 Nbd7 10. Nge2 Rb8 11. O-O Ne5 12. Bc2 b5 13. axb5 axb5 14. f4 Ned7 15. Ng3
Re8 16. h3 Bf8 17. Qf3 c4 18. Be3 b4 19. Nce2 b3 20. Bb1 Nc5 21. Bxc5 dxc5 22.
Nc3 Bb7 23. Rd1 Ra8 24. Rxa8 Qxa8 25. e5 Nd7 26. Qe4 g6 27. Qxc4 Ba6 28. Qxb3 c4
29. Qc2 Qa7+ 30. Kh2 Bh6 31. Rf1 Qe3 32. Rf3 Qd4 33. Nce2 Qxd5 34. Nc3 Qc6 35.
Qf2 Bf8 36. Be4 Qc5 37. Bd5 Qxf2 38. Rxf2 Bc5 39. Re2 Nb6 40. Nge4 Nxd5 41. Nxd5
Be7 42. Nef6+ Bxf6 43. Nxf6+ Kf8 44. Nxe8 Kxe8 45. Rd2 Ke7 46. Rd6 Bb7 47. g3
Be4 48. Kg1 h5 49. h4 Bc2 50. Kf2 Be4 51. Ke3 Bg2 52. Kd4 Bf1 53. Rc6 Kd7 54.
Rxc4 Ke6 55. Rc6+ Kf5 56. Rf6+ Kg4 57. Rxf7 Kxg3 58. e6 Kxh4 59. e7 Bb5 60. Kc5
Bd7 61. Kd6 Bb5 62. Rf8 Kg3 63. Rb8 Ba4 64. b3 h4 65. bxa4 1-0

[Event "FIDE World Blitz 2014"]
[Site "Dubai UAE"]
[Date "2014.06.20"]
[Round "14.47"]
[White "Hilwani, Talal"]
[Black "Tkachiev, Vladislav"]
[Result "0-1"]
[BlackTitle "GM"]
[WhiteElo "2274"]
[BlackElo "2625"]
[WhiteFideId "7600410"]
[BlackFideId "618438"]
[EventDate "2014.06.19"]

1. Nf3 Nf6 2. c4 g6 3. g3 Bg7 4. Bg2 O-O 5. O-O d6 6. Nc3 c6 7. d3 a5 8. a3 Re8
9. Rb1 d5 10. cxd5 cxd5 11. d4 Bf5 12. Ra1 Nc6 13. Ne5 Qb6 14. Nxc6 bxc6 15. Na4
Qb5 16. Bf4 Nd7 17. Rc1 e5 18. dxe5 Nxe5 19. Rc5 Qa6 20. Bxe5 Bxe5 21. Qd2 Bd6
22. Rcc1 Rxe2 23. Qc3 Rc8 24. Rfd1 Qa7 25. Nc5 Bxc5 26. Qxc5 Qxc5 27. Rxc5 a4
28. Rdc1 Rxb2 29. Bf1 Rb3 30. Rxc6 Rxc6 31. Rxc6 Rxa3 32. Rd6 Be4 33. g4 Ra1 34.
h3 Bd3 0-1